[Event "FRA-chT2 Nord 0708"]
[Site "France"]
[Date "2008.04.06"]
[Round "11.2"]
[White "Emmenecker, Philippe"]
[Black "Degraeve, Jean Pierre"]
[Result "1-0"]
[WhiteElo "2168"]
[BlackElo "2131"]
[PlyCount "49"]
[EventDate "2007.10.21"]
[EventType "team"]
[EventRounds "11"]
[EventCountry "FRA"]
[SourceTitle "EXT 2009"]
[Source "ChessBase"]
[SourceDate "2008.11.26"]
[SourceVersion "1"]
[SourceVersionDate "2008.11.26"]
[SourceQuality "1"]
[WhiteTeam "Issy les Moulineaux"]
[BlackTeam "Neuville en Ferrain"]
[WhiteTeamCountry "FRA"]
[BlackTeamCountry "FRA"]

1. d4 d5 2. Nf3 Nf6 3. c4 c6 4. Nc3 e6 5. Bg5 h6 6. Bxf6 Qxf6 7. Qb3 Qe7 8. a3 g6 9. e4 Bg7 10. 0-0-0 dxc4 11. Bxc4 0-0 12. Rhe1 Nd7 13. d5 b5 14. Bf1 Nc5 15. Qc2 exd5 16. exd5 Qf6 17. dxc6 Bf5 18. Nd5 Bxc2 19. Nxf6+ Bxf6 20. Kxc2 a6 21. Rd6 Ne6 22. g3 Rac8 23. Bh3 Be7 24. Rdxe6 fxe6 25. Bxe6+ 1-0

[Event "FRA-chT3 North 0304"]
[Site "France"]
[Date "2004.02.01"]
[Round "6.1"]
[White "De Bonnieres, Philippe"]
[Black "Degraeve, Jean Pierre"]
[Result "1/2-1/2"]
[WhiteElo "2122"]
[BlackElo "2078"]
[PlyCount "63"]
[EventDate "2003.11.??"]
[EventType "team"]
[EventRounds "9"]
[EventCountry "FRA"]
[SourceTitle "EXT 2006"]
[Source "ChessBase"]
[SourceDate "2005.11.24"]
[SourceVersion "1"]
[SourceVersionDate "2005.11.24"]
[SourceQuality "1"]
[WhiteTeam "Le Touquet"]
[BlackTeam "Neuville en Ferrain"]
[WhiteTeamCountry "FRA"]
[BlackTeamCountry "FRA"]

1. e4 c5 2. c3 d5 3. exd5 Qxd5 4. d4 Nf6 5. Nf3 Nc6 6. Be2 cxd4 7. cxd4 e6 8. Nc3 Qd6 9. 0-0 Be7 10. Bg5 0-0 11. Qa4 a6 12. Rad1 Nd5 13. Nxd5 Qxd5 14. Bxe7 Nxe7 15. Bd3 b5 16. Qa3 Qd8 17. Bxb5 Bb7 18. Bc4 Nd5 19. Rfe1 Nf4 20. Qe3 Qf6 21. Qe5 Qh6 22. Re3 Rac8 23. b3 Bd5 24. Bxd5 Nxd5 25. Red3 Qg6 26. R3d2 Rfd8 27. g3 Nc3 28. Re1 Nb1 29. Rb2 Nc3 30. Rd2 Nb1 31. Rb2 Nc3 32. Rd2 1/2-1/2

[Event "FRA-chT3 North 0304"]
[Site "France"]
[Date "2003.10.12"]
[Round "1.5"]
[White "Danger, Stephane"]
[Black "Degraeve, Jean Pierre"]
[Result "0-1"]
[WhiteElo "1790"]
[BlackElo "2078"]
[PlyCount "64"]
[EventDate "2003.11.??"]
[EventType "team"]
[EventRounds "9"]
[EventCountry "FRA"]
[SourceTitle "EXT 2006"]
[Source "ChessBase"]
[SourceDate "2005.11.24"]
[SourceVersion "1"]
[SourceVersionDate "2005.11.24"]
[SourceQuality "1"]
[WhiteTeam "Boulogne sur Mer"]
[BlackTeam "Neuville en Ferrain"]
[WhiteTeamCountry "FRA"]
[BlackTeamCountry "FRA"]

1. e4 c5 2. Nf3 a6 3. b4 cxb4 4. d4 d5 5. exd5 Qxd5 6. c4 bxc3 7. Nxc3 Qa5 8. Bd2 e6 9. Bd3 Nf6 10. 0-0 Be7 11. Qe2 Nc6 12. a3 Qd8 13. Ne4 0-0 14. Rfd1 Re8 15. Bc2 g6 16. Ng3 b5 17. Bg5 Bb7 18. h4 Nd5 19. Qd2 Rc8 20. h5 Bxg5 21. Nxg5 Nxd4 22. hxg6 hxg6 23. Nxf7 Kxf7 24. Bxg6+ Kxg6 25. Qxd4 Qf6 26. Qe4+ Kf7 27. Rd3 Qxa1+ 28. Nf1 Qxf1+ 29. Kxf1 Rc1+ 30. Ke2 Nc3+ 31. Rxc3 Bxe4 32. Rxc1 Bxg2 0-1

[Event "FRA-chT3 Gr8 0203"]
[Site "France"]
[Date "2003.04.05"]
[Round "8"]
[White "Petitcunot, Pierre"]
[Black "Degraeve, Jean Pierre"]
[Result "1-0"]
[WhiteElo "2354"]
[BlackElo "2078"]
[PlyCount "57"]
[EventDate "2002.10.??"]
[EventType "team"]
[EventRounds "9"]
[EventCountry "FRA"]
[SourceTitle "EXT 2005"]
[Source "ChessBase"]
[SourceDate "2004.11.15"]
[SourceVersion "1"]
[SourceVersionDate "2004.11.15"]
[SourceQuality "1"]

1. e4 e5 2. Nf3 Nf6 3. Nc3 Nc6 4. g3 Bc5 5. Bg2 d6 6. 0-0 a6 7. d3 Bg4 8. h3 Be6 9. Be3 h6 10. d4 exd4 11. Nxd4 Nxd4 12. Bxd4 Bxd4 13. Qxd4 Qc8 14. Kh2 0-0 15. a4 Rb8 16. a5 Re8 17. Rfe1 Nd7 18. f4 f6 19. Nd5 Qd8 20. Re3 Kh8 21. c4 Ra8 22. b3 Nb8 23. Qd2 Nc6 24. Rae1 Rc8 25. Rd3 Bf7 26. b4 Bxd5 27. exd5 Nb8 28. Rde3 Rxe3 29. Qxe3 1-0

[Event "FRA-chT3 Gr8 0203"]
[Site "France"]
[Date "2002.11.16"]
[Round "2"]
[White "Degraeve, Jean Pierre"]
[Black "Dumortier, Thierry"]
[Result "0-1"]
[WhiteElo "2130"]
[BlackElo "1910"]
[PlyCount "30"]
[EventDate "2002.10.??"]
[EventType "team"]
[EventRounds "9"]
[EventCountry "FRA"]
[SourceTitle "EXT 2005"]
[Source "ChessBase"]
[SourceDate "2004.11.15"]
[SourceVersion "1"]
[SourceVersionDate "2004.11.15"]
[SourceQuality "1"]

1. e4 Nf6 2. e5 Nd5 3. d4 d6 4. Nf3 Bg4 5. Be2 Nc6 6. c4 Nb6 7. exd6 exd6 8. b3 Be7 9. Bb2 Bf6 10. 0-0 0-0 11. Qd2 Re8 12. Re1 Bxf3 13. gxf3 Bg5 14. f4 Bh6 15. Na3 Qh4 0-1